000 00598nam a2200205Ia 4500
005 20250923145546.0
008 008 250917s9999 xx 000 0 eng d
037 _aTextual
040 _aDSWL
_beng
_cDSWL
041 _aeng
_2eng
084 _aL:573x1(Y:434), N79
_qDSWL
245 0 _aFood and Nutrition policy in a changeing in world
_cEd. by J. Mayer
260 _aLondon
_bOxford
_c1979
300 _axii,300p.
365 _aGBP
_b8.25
700 _a J.I. Dywer
_9836588
925 _g8.25
942 _cTEXL
_hL:573x1(Y:434), N79
999 _c1452838
_d1452838